La búsqueda de Nixon en favor de la paz
Збережено в:
| Автор: | |
|---|---|
| Формат: | Книга |
| Мова: | Іспанська |
| Опубліковано: |
Ciudad de México
Editores Asociados
1973
|
| Серія: | Historia Actual
|
| Предмети: | |
| Теги: |
Додати тег
Немає тегів, Будьте першим, хто поставить тег для цього запису!
|
MARC
| LEADER | 00000nam a2200000 a 4500 | ||
|---|---|---|---|
| 001 | UCT8658 | ||
| 003 | CL-VaPUC | ||
| 008 | 970326e19730000MX |||||||||||||||||spa|d | ||
| 082 | 0 | 4 | |a 327.172 |b LIN |2 21 |
| 100 | |a Linden, Frank van der |e autor |9 380533 | ||
| 245 | 1 | 3 | |a La búsqueda de Nixon en favor de la paz |
| 300 | |a 268 p | ||
| 942 | |c BK | ||
| 945 | |d 19970326 00:00:00 |a paguirre | ||
| 260 | |a Ciudad de México |b Editores Asociados |c 1973 | ||
| 650 | 0 | |a Política internacional |9 255813 | |
| 650 | 0 | |a Paz |9 259242 | |
| 650 | 0 | |a Diplomacia |9 256483 | |
| 650 | 7 | |a RESTABLECIMIENTO DE LA PAZ |2 CL-VaPUC |9 338676 | |
| 650 | 0 | |a Desarme |9 255227 | |
| 650 | 0 | |a Guerra |9 255876 | |
| 651 | 0 | |a Estados Unidos |9 255178 | |
| 583 | |a last modification |c 19970326 00:00:00 |k Rodrigo Vera | ||
| 490 | 0 | |a Historia Actual | |
| 999 | |c 257145 |d 257143 | ||
| 952 | |0 0 |1 0 |4 0 |6 327_172000000000000_LIN_1973 |7 0 |8 A |9 280405 |a BIBDER |b BIBDER |d 2019-11-19 |i 1815121 |o 327.172 LIN 1973 |p 1815121 |r 2023-01-25 |w 2019-11-19 |y BK |k DER | ||